[Event "2. Obert Internacional Illes Medes"]
[Site "L'Estartit ESP"]
[Date "2008.01.03"]
[Round "8.36"]
[White "Sabria Batlle, Pol"]
[Black "Toma, Katarzyna"]
[Result "1/2-1/2"]
[WhiteElo "2006"]
[BlackElo "2283"]
[PlyCount "73"]
[EventDate "2007.12.28"]
[EventType "swiss"]
[EventRounds "9"]
[EventCountry "ESP"]
[Source "lmi"]
[SourceDate "2007.12.28"]

1. e4 c5 2. Nf3 Nc6 3. d4 cxd4 4. Nxd4 Nf6 5. Nc3 e5 6. Ndb5 d6 7. Bg5 a6 8.
Na3 b5 9. Nd5 Be7 10. Bxf6 Bxf6 11. c3 Ne7 12. Nxf6+ gxf6 13. Bd3 Bb7 14. Qe2
d5 15. O-O-O Qb6 16. exd5 Nxd5 17. Be4 Nf4 18. Qf3 Bxe4 19. Qxe4 O-O 20. g3 Ne6
21. Nc2 Nc5 22. Qf5 Rfd8 23. Ne3 Qe6 24. Kb1 Qxf5+ 25. Nxf5 Ne4 26. f4 Nf2 27.
Rxd8+ Rxd8 28. Rf1 Rd2 29. Ne3 e4 30. c4 Nd3 31. c5 Nxc5 32. Rc1 Ne6 33. Rc8+
Nf8 34. Nf5 Rxh2 35. Ne7+ Kg7 36. Nf5+ Kg8 37. Ne7+ 1/2-1/2

[Event "2. Obert Internacional Illes Medes"]
[Site "L'Estartit ESP"]
[Date "2008.01.03"]
[Round "8.37"]
[White "Schirmbeck, Hannes"]
[Black "Schirmbeck, Stepanka"]
[Result "1/2-1/2"]
[WhiteElo "2162"]
[BlackElo "2054"]
[PlyCount "39"]
[EventDate "2007.12.28"]
[EventType "swiss"]
[EventRounds "9"]
[EventCountry "ESP"]
[Source "lmi"]
[SourceDate "2007.12.28"]

1. d4 Nf6 2. c4 g6 3. Nc3 Bg7 4. e4 d6 5. Nf3 O-O 6. Be2 e5 7. O-O Nc6 8. d5
Ne7 9. b4 Nh5 10. Re1 f5 11. Ng5 Nf4 12. Bxf4 exf4 13. Rc1 Bf6 14. Ne6 Bxe6 15.
dxe6 Bxc3 16. Rxc3 fxe4 17. Bg4 Nc6 18. Rxe4 Ne5 19. g3 fxg3 20. Rxg3 1/2-1/2

[Event "2. Obert Internacional Illes Medes"]
[Site "L'Estartit ESP"]
[Date "2008.01.03"]
[Round "8.43"]
[White "Le Diouron, Aurelie"]
[Black "Vita, Fabrizio"]
[Result "0-1"]
[WhiteElo "2022"]
[BlackElo "2106"]
[PlyCount "44"]
[EventDate "2007.12.28"]
[EventType "swiss"]
[EventRounds "9"]
[EventCountry "ESP"]
[Source "lmi"]
[SourceDate "2007.12.28"]

1. d4 Nf6 2. c4 g6 3. Nc3 Bg7 4. e4 d6 5. Be2 O-O 6. Bg5 c5 7. d5 a6 8. Qd2 b5
9. cxb5 Qa5 10. bxa6 Bxa6 11. Bxa6 Nxa6 12. Nge2 Rfb8 13. O-O Qb4 14. Bxf6 Bxf6
15. Rfb1 Rb7 16. Qd3 c4 17. Qd1 Nc5 18. a3 Qb6 19. Nd4 Nd3 20. Nc6 Qxf2+ 21.
Kh1 Rxb2 22. Rxb2 Qxb2 0-1

[Event "2. Obert Internacional Illes Medes"]
[Site "L'Estartit ESP"]
[Date "2008.01.04"]
[Round "9.1"]
[White "Aroshidze, Levan"]
[Black "Lopez Martinez, Josep Manuel"]
[Result "1/2-1/2"]
[WhiteElo "2523"]
[BlackElo "2563"]
[PlyCount "40"]
[EventDate "2007.12.28"]
[EventType "swiss"]
[EventRounds "9"]
[EventCountry "ESP"]
[Source "lmi"]
[SourceDate "2007.12.28"]

1. e4 e5 2. Nf3 Nc6 3. Bb5 a6 4. Ba4 Nf6 5. O-O Be7 6. Re1 b5 7. Bb3 d6 8. c3
O-O 9. h3 Nb8 10. d4 Nbd7 11. Nbd2 Bb7 12. Bc2 Re8 13. Nf1 Bf8 14. Ng3 g6 15.
b3 Bg7 16. d5 Qe7 17. c4 c5 18. Be3 b4 19. Qd2 a5 20. a4 Bc8 1/2-1/2

[Event "2. Obert Internacional Illes Medes"]
[Site "L'Estartit ESP"]
[Date "2008.01.04"]
[Round "9.16"]
[White "Mestre Bellido, Hector"]
[Black "Alonso Garcia, Rene"]
[Result "1/2-1/2"]
[WhiteElo "2307"]
[BlackElo "2395"]
[PlyCount "35"]
[EventDate "2007.12.28"]
[EventType "swiss"]
[EventRounds "9"]
[EventCountry "ESP"]
[Source "lmi"]
[SourceDate "2007.12.28"]

1. e4 e6 2. d4 d5 3. Nd2 c5 4. exd5 exd5 5. Ngf3 Nf6 6. Bb5+ Bd7 7. Bxd7+ Nbxd7
8. O-O Be7 9. Re1 O-O 10. dxc5 Nxc5 11. Nb3 Nce4 12. Be3 Re8 13. Qd3 Bf8 14.
Re2 Qd7 15. Rae1 Qa4 16. a3 Rec8 17. Bd4 b6 18. Qe3 1/2-1/2

[Event "2. Obert Internacional Illes Medes"]
[Site "L'Estartit ESP"]
[Date "2008.01.04"]
[Round "9.25"]
[White "Van Weersel, Arlette"]
[Black "Kadziolka, Beata"]
[Result "1/2-1/2"]
[WhiteElo "2174"]
[BlackElo "2295"]
[PlyCount "62"]
[EventDate "2007.12.28"]
[EventType "swiss"]
[EventRounds "9"]
[EventCountry "ESP"]
[Source "lmi"]
[SourceDate "2007.12.28"]

1. e4 c5 2. c4 Nc6 3. Ne2 g6 4. d4 Bg7 5. dxc5 Qa5+ 6. Nec3 Nf6 7. Nd2 Qxc5 8.
Nb3 Qb6 9. Be3 Qd8 10. Be2 O-O 11. O-O d6 12. Rc1 b6 13. f3 Bb7 14. Qd2 Rc8 15.
Rfd1 Nd7 16. Nb5 Nc5 17. N5d4 Nxd4 18. Nxd4 Qd7 19. b4 Ne6 20. Nb3 f5 21. exf5
gxf5 22. c5 f4 23. Bf2 Ng5 24. cxd6 e5 25. Rc7 Rxc7 26. dxc7 Qxc7 27. Qd7 Qc2
28. Rd2 Qb1+ 29. Rd1 Qc2 30. Rd2 Qb1+ 31. Rd1 Qc2 1/2-1/2

[Event "2. Obert Internacional Illes Medes"]
[Site "L'Estartit ESP"]
[Date "2008.01.04"]
[Round "9.31"]
[White "Leks, Hanna"]
[Black "Tomini, Marco"]
[Result "1-0"]
[WhiteElo "2199"]
[BlackElo "2091"]
[PlyCount "45"]
[EventDate "2007.12.28"]
[EventType "swiss"]
[EventRounds "9"]
[EventCountry "ESP"]
[Source "lmi"]
[SourceDate "2007.12.28"]

1. e4 c5 2. Nf3 d6 3. d4 cxd4 4. Nxd4 Nf6 5. Nc3 a6 6. a4 g6 7. Bc4 Bg7 8. O-O
O-O 9. Re1 b6 10. Bg5 Bb7 11. Nd5 Nbd7 12. f4 e6 13. Nc3 Qc8 14. Bxe6 fxe6 15.
Nxe6 Re8 16. Qxd6 Ra7 17. Rad1 Qc6 18. Nxg7 Kxg7 19. Qd2 Bc8 20. e5 Ng4 21. Ne4
Re6 22. h3 Nh6 23. Bxh6+ 1-0

[Event "2. Obert Internacional Illes Medes"]
[Site "L'Estartit ESP"]
[Date "2008.01.04"]
[Round "9.33"]
[White "Mayo Casademont, Marti"]
[Black "Reyniers, Pieter"]
[Result "1/2-1/2"]
[WhiteElo "2172"]
[BlackElo "2025"]
[PlyCount "29"]
[EventDate "2007.12.28"]
[EventType "swiss"]
[EventRounds "9"]
[EventCountry "ESP"]
[Source "lmi"]
[SourceDate "2007.12.28"]

1. d4 f5 2. e4 fxe4 3. Nc3 Nf6 4. Bg5 Nc6 5. d5 Ne5 6. Qe2 Nf7 7. h4 d6 8.
O-O-O Bg4 9. f3 exf3 10. gxf3 Bf5 11. Qe3 a6 12. Nge2 c5 13. Ng3 Bd7 14. Kb1
Qa5 15. Bh3 1/2-1/2

[Event "2. Obert Internacional Illes Medes"]
[Site "L'Estartit ESP"]
[Date "2008.01.04"]
[Round "9.34"]
[White "Muratet Casadevall, Albert"]
[Black "Sabria Batlle, Pol"]
[Result "0-1"]
[WhiteElo "2169"]
[BlackElo "2006"]
[PlyCount "52"]
[EventDate "2007.12.28"]
[EventType "swiss"]
[EventRounds "9"]
[EventCountry "ESP"]
[Source "lmi"]
[SourceDate "2007.12.28"]

1. e4 e5 2. Nf3 Nc6 3. d4 exd4 4. Nxd4 Nf6 5. Nxc6 bxc6 6. e5 Qe7 7. Qe2 Nd5 8.
c4 Nb6 9. f4 Qe6 10. Nc3 Bb4 11. Bd2 a5 12. Qe4 d5 13. cxd5 cxd5 14. Qf3 O-O
15. O-O-O d4 16. Nb5 Qxa2 17. Nxd4 Bg4 18. Qxg4 Na4 19. Kc2 Qxb2+ 20. Kd3 Rad8
21. f5 c5 22. Be3 cxd4 23. Bd2 Bxd2 24. Rxd2 Qc3+ 25. Ke2 Qe3+ 26. Kd1 Rc8 0-1

[Event "2. Obert Internacional Illes Medes"]
[Site "L'Estartit ESP"]
[Date "2008.01.04"]
[Round "9.35"]
[White "Lillo Castan, Victor"]
[Black "Wong Castaneda, Arturo"]
[Result "1/2-1/2"]
[WhiteElo "2069"]
[BlackElo "2100"]
[PlyCount "82"]
[EventDate "2007.12.28"]
[EventType "swiss"]
[EventRounds "9"]
[EventCountry "ESP"]
[Source "lmi"]
[SourceDate "2007.12.28"]

1. e4 e5 2. Nf3 d6 3. d4 exd4 4. Qxd4 Nc6 5. Bb5 Bd7 6. Bxc6 Bxc6 7. Nc3 Nf6 8.
Bg5 Be7 9. O-O-O h6 10. Bf4 O-O 11. h3 Nh5 12. Bh2 Bf6 13. e5 Bxf3 14. gxf3
Bxe5 15. Bxe5 dxe5 16. Qxe5 Qg5+ 17. Qxg5 hxg5 18. Rd7 Rfc8 19. Nd5 Nf6 20.
Nxf6+ gxf6 21. Re1 Re8 22. Rxe8+ Rxe8 23. Rxc7 Re2 24. Rxb7 Rxf2 25. Rxa7 Rxf3
26. Ra3 Rf1+ 27. Kd2 Rf2+ 28. Kd1 f5 29. b4 Kf8 30. b5 Ke7 31. Rc3 Kd6 32. b6
Rf1+ 33. Ke2 Rb1 34. Rb3 Rxb3 35. cxb3 Kc6 36. Kf3 Kxb6 37. Kg3 f4+ 38. Kf3 f5
39. Kg2 Kc5 40. a4 Kb4 41. Kf3 Ka5 1/2-1/2

[Event "2. Obert Internacional Illes Medes"]
[Site "L'Estartit ESP"]
[Date "2008.01.04"]
[Round "9.36"]
[White "Toma, Katarzyna"]
[Black "Yastrebova, Tatiana"]
[Result "1-0"]
[WhiteElo "2283"]
[BlackElo "2037"]
[PlyCount "49"]
[EventDate "2007.12.28"]
[EventType "swiss"]
[EventRounds "9"]
[EventCountry "ESP"]
[Source "lmi"]
[SourceDate "2007.12.28"]

1. e4 d6 2. d4 Nf6 3. Nc3 g6 4. Bc4 Bg7 5. Qe2 O-O 6. e5 Ne8 7. Bg5 dxe5 8.
dxe5 c6 9. a4 Nc7 10. Rd1 Qe8 11. h4 Be6 12. h5 Nd7 13. Nf3 Rd8 14. hxg6 hxg6
15. Qe4 Bxc4 16. Qxc4 Ne6 17. Be3 Nb6 18. Qh4 Rxd1+ 19. Kxd1 f5 20. Qh7+ Kf7
21. Nh4 Qd7+ 22. Kc1 Ke8 23. Qxg6+ Kd8 24. Bxb6+ axb6 25. Rd1 1-0

[Event "2. Obert Internacional Illes Medes"]
[Site "L'Estartit ESP"]
[Date "2008.01.04"]
[Round "9.40"]
[White "Dijon, Frederic"]
[Black "Schut, Donna"]
[Result "0-1"]
[WhiteElo "2103"]
[BlackElo "1999"]
[PlyCount "28"]
[EventDate "2007.12.28"]
[EventType "swiss"]
[EventRounds "9"]
[EventCountry "ESP"]
[Source "lmi"]
[SourceDate "2007.12.28"]

1. e4 e6 2. b3 d5 3. Bb2 dxe4 4. Nc3 Nf6 5. g4 h6 6. Bg2 Bd7 7. Qe2 Bc6 8.
O-O-O Nbd7 9. Nxe4 Nxe4 10. Bxe4 Bxe4 11. Qxe4 c6 12. f4 Qa5 13. Nf3 Qxa2 14.
f5 Ba3 0-1

[Event "2. Obert Internacional Illes Medes"]
[Site "L'Estartit ESP"]
[Date "2008.01.04"]
[Round "9.44"]
[White "Balague Canadell, Jordi"]
[Black "Rautanen, Sari"]
[Result "1-0"]
[WhiteElo "2052"]
[BlackElo "1961"]
[PlyCount "113"]
[EventDate "2007.12.28"]
[EventType "swiss"]
[EventRounds "9"]
[EventCountry "ESP"]
[Source "lmi"]
[SourceDate "2007.12.28"]

1. c4 e5 2. g3 Nf6 3. Bg2 d5 4. cxd5 Nxd5 5. Nf3 Nc6 6. d3 Be7 7. O-O O-O 8.
Nbd2 Be6 9. a3 Nb6 10. b4 a6 11. Bb2 f6 12. Rc1 Qd7 13. Ne4 Nd4 14. Nxd4 exd4
15. Nc5 Bxc5 16. bxc5 Na4 17. c6 Nxb2 18. Qc2 Qd6 19. cxb7 Rab8 20. Qxb2 c5 21.
Qc2 Bd5 22. Qxc5 Qxc5 23. Rxc5 Bxg2 24. Kxg2 Rxb7 25. Rd5 Re8 26. Kf3 Rb2 27.
Re1 Ra2 28. Rxd4 Rxa3 29. Rd7 Kf8 30. Rc1 Re7 31. Rc8+ Kf7 32. Rxe7+ Kxe7 33.
Rc7+ Kf8 34. g4 a5 35. h4 Rb3 36. Ra7 Rb5 37. d4 h5 38. gxh5 Rxh5 39. Kg4 Rd5
40. e3 Rb5 41. f3 Rd5 42. Kg3 Kg8 43. Rc7 Rb5 44. e4 Rb4 45. d5 Rd4 46. Kf4 g6
47. Ra7 a4 48. Ke3 Rd1 49. Rxa4 Kg7 50. Rd4 Ra1 51. d6 Ra3+ 52. Rd3 Ra8 53. Kd4
Kf7 54. Kd5 Rd8 55. Rc3 Ra8 56. Rc7+ Ke8 57. Ke6 1-0

[Event "2. Obert InternacionalIlles Medes - B"]
[Site "L'Estartit ESP"]
[Date "2007.12.29"]
[Round "2.3"]
[White "Pera Martinez, Eloy"]
[Black "Blanco Esquena, Ramon"]
[Result "1/2-1/2"]
[WhiteElo "1545"]
[BlackElo "1966"]
[PlyCount "61"]
[EventDate "2007.12.28"]
[EventType "swiss"]
[EventRounds "9"]
[EventCountry "ESP"]
[Source "lmi"]
[SourceDate "2007.12.28"]

1. c4 Nf6 2. d4 c5 3. d5 e6 4. dxe6 fxe6 5. Nc3 a6 6. Bg5 Be7 7. g3 O-O 8. Bg2
Nc6 9. e3 Qc7 10. Bxf6 Bxf6 11. Qc2 Rb8 12. Nge2 b5 13. Ne4 Be7 14. b3 Nb4 15.
Qc3 d5 16. cxd5 exd5 17. a3 dxe4 18. axb4 Bf6 19. Qc1 Bxa1 20. Qxa1 cxb4 21.
Bxe4 Bb7 22. Bxb7 Qxb7 23. O-O Rbc8 24. Nd4 Rf6 25. Qd1 Rcf8 26. f3 Qc7 27. Kg2
Qb7 28. Qd3 Rc8 29. e4 Rc3 30. Qe2 a5 31. Nxb5 1/2-1/2

[Event "2. Obert InternacionalIlles Medes - B"]
[Site "L'Estartit ESP"]
[Date "2008.01.01"]
[Round "6.3"]
[White "Gomez Figueroa, Manuel"]
[Black "Padros Martinez, Albert"]
[Result "1-0"]
[WhiteElo "1932"]
[BlackElo "1856"]
[PlyCount "41"]
[EventDate "2007.12.28"]
[EventType "swiss"]
[EventRounds "9"]
[EventCountry "ESP"]
[Source "lmi"]
[SourceDate "2007.12.28"]

1. e4 c5 2. Nf3 d6 3. d4 cxd4 4. Nxd4 Nf6 5. Nc3 Nc6 6. Be2 e5 7. Nb3 Be7 8.
Be3 O-O 9. O-O a6 10. f4 b5 11. Bf3 Bb7 12. Qe1 Re8 13. Rd1 Bf8 14. Nd5 exf4
15. Bb6 Qc8 16. Nc7 Re5 17. Nxa8 Qxa8 18. Qe2 g5 19. Rde1 Be7 20. g3 g4 21.
gxf4 1-0

[Event "2. Obert InternacionalIlles Medes - B"]
[Site "L'Estartit ESP"]
[Date "2008.01.02"]
[Round "7.2"]
[White "Schut, Heleen"]
[Black "Gomez Figueroa, Manuel"]
[Result "1-0"]
[WhiteElo "1919"]
[BlackElo "1932"]
[PlyCount "29"]
[EventDate "2007.12.28"]
[EventType "swiss"]
[EventRounds "9"]
[EventCountry "ESP"]
[Source "lmi"]
[SourceDate "2007.12.28"]

1. e4 Nf6 2. Nc3 d5 3. exd5 Nxd5 4. Nxd5 Qxd5 5. Qf3 Qc5 6. Qb3 Nc6 7. Nf3 Bg4
8. Qxb7 Rb8 9. Qxc7 Rc8 10. Qf4 Bxf3 11. Qxf3 Nd4 12. Qb7 Nxc2+ 13. Kd1 Nxa1
14. Bb5+ Qxb5 15. Qxc8# 1-0

[Event "2. Obert InternacionalIlles Medes - B"]
[Site "L'Estartit ESP"]
[Date "2008.01.04"]
[Round "9.3"]
[White "Vidal Zamora, Alex"]
[Black "Serra Sola, Jordi"]
[Result "1/2-1/2"]
[WhiteElo "1934"]
[BlackElo "1888"]
[PlyCount "21"]
[EventDate "2007.12.28"]
[EventType "swiss"]
[EventRounds "9"]
[EventCountry "ESP"]
[Source "lmi"]
[SourceDate "2007.12.28"]

1. e4 c6 2. d4 d5 3. e5 g6 4. f4 h5 5. Nf3 Bg4 6. h3 Bxf3 7. Qxf3 e6 8. b3 Qb6
9. Qf2 c5 10. c3 Nc6 11. Be3 1/2-1/2